[Event "Sportsko leto 2013"]
[Site "Paracin"]
[Date "2013.07.09"]
[Round "5.3"]
[White "Abramovic, Bosko"]
[Black "Cioara, Andrei-Nestor"]
[Result "1/2-1/2"]
[WhiteElo "2427"]
[BlackElo "2465"]
[PlyCount "73"]
[EventDate "2013.??.??"]

1. Nf3 Nf6 2. c4 e6 3. g3 d5 4. Bg2 Be7 5. O-O O-O 6. d4 dxc4 7. Qa4 a6 8. Qxc4
b5 9. Qc2 Bb7 10. Bf4 Nc6 11. Rd1 Nb4 12. Qc1 Rc8 13. Nc3 Nbd5 14. Ne5 Nxc3 15.
Qxc3 Bxg2 16. Kxg2 Qd5+ 17. f3 c5 18. dxc5 Qxc5 19. Qxc5 Rxc5 20. Rac1 Rfc8 21.
Rxc5 Rxc5 22. Nd3 Rc2 23. Rd2 Rc8 24. e4 Kf8 25. Kf2 Ke8 26. Ke2 Nd7 27. Be3 h5
28. h3 g6 29. g4 hxg4 30. hxg4 Bd6 31. f4 f5 32. exf5 exf5 33. gxf5 gxf5 34.
Kf3 Nf6 35. Rh2 Ke7 36. Bd4 Rc4 37. Be5 1/2-1/2

[Event "Sportsko leto 2013"]
[Site "Paracin"]
[Date "2013.07.09"]
[Round "5.4"]
[White "Tomic, Bosko"]
[Black "Drenchev, Petar"]
[Result "1-0"]
[WhiteElo "2425"]
[BlackElo "2483"]
[PlyCount "29"]
[EventDate "2013.??.??"]

1. e4 c5 2. Nf3 d6 3. d4 cxd4 4. Nxd4 Nf6 5. Nc3 a6 6. Bc4 e6 7. Bb3 b5 8. O-O
Be7 9. Qf3 Qb6 10. Be3 Qb7 11. Qg3 Bd7 12. Nf5 b4 13. Nxe7 Kxe7 14. e5 bxc3 15.
Qxg7 1-0

[Event "Sportsko leto 2013"]
[Site "Paracin"]
[Date "2013.07.09"]
[Round "5.5"]
[White "Gleizerov, Evgeny"]
[Black "Bogdanovski, Vlatko"]
[Result "1/2-1/2"]
[WhiteElo "2553"]
[BlackElo "2435"]
[PlyCount "90"]
[EventDate "2013.??.??"]

1. d4 Nf6 2. c4 e6 3. g3 Bb4+ 4. Bd2 c5 5. Bxb4 cxb4 6. Bg2 O-O 7. e4 d6 8. Ne2
e5 9. a3 Qb6 10. Qd2 Na6 11. O-O Bg4 12. f3 Be6 13. b3 Rfd8 14. Kh1 h6 15. Rd1
Bd7 16. axb4 Nxb4 17. Na3 a5 18. c5 dxc5 19. dxe5 Be6 20. Qc3 Nd7 21. Nf4 Nc6
22. Nxe6 fxe6 23. Nc4 Qb4 24. Qxb4 cxb4 25. Bh3 Nc5 26. Nb6 Ra6 27. Na4 Rxd1+
28. Rxd1 Nxa4 29. Bxe6+ Kf8 30. bxa4 Nxe5 31. Bb3 Nxf3 32. Rd7 Rf6 33. Rxb7 g5
34. Bd5 g4 35. Rb5 Nd4 36. Rxa5 b3 37. Ra8+ Ke7 38. Ra7+ Kd8 39. Rb7 Rf2 40.
Kg1 Rd2 41. Bxb3 Nf3+ 42. Kf1 Nxh2+ 43. Ke1 Nf3+ 44. Kf1 Nh2+ 45. Ke1 Nf3+
1/2-1/2

[Event "Sportsko leto 2013"]
[Site "Paracin"]
[Date "2013.07.09"]
[Round "5.6"]
[White "Lajthajm, Borko"]
[Black "Atalik, Ekaterina"]
[Result "1-0"]
[WhiteElo "2477"]
[BlackElo "2430"]
[PlyCount "97"]
[EventDate "2013.??.??"]

1. Nf3 Nf6 2. c4 g6 3. g3 Bg7 4. Bg2 d5 5. O-O dxc4 6. Na3 O-O 7. Nxc4 c5 8. d3
Be6 9. Qb3 Qc8 10. Ng5 Bd5 11. Bxd5 Nxd5 12. Na5 Nc6 13. Qxd5 Nxa5 14. Bd2 Nc6
15. Qxc5 Bxb2 16. Rab1 Bg7 17. Rfc1 Qg4 18. Nf3 Nd4 19. Kg2 Nxf3 20. exf3 Qd7
21. Bg5 b6 22. Qa3 e6 23. Qa6 h6 24. Be3 Rac8 25. a4 Rxc1 26. Rxc1 Rd8 27. Bf4
g5 28. Be3 Qd5 29. h3 Qd7 30. a5 bxa5 31. Qxa5 Qxd3 32. Qxa7 Rd7 33. Qa4 Kh7
34. h4 gxh4 35. Qxh4 Qg6 36. Qa4 Rd3 37. Rc8 Be5 38. f4 Bf6 39. Rc7 Rc3 40. Rb7
h5 41. Qd7 Kg7 42. Qxe6 h4 43. g4 h3+ 44. Kxh3 Bd4 45. Qxg6+ Kxg6 46. Re7 f5
47. g5 Bc5 48. Re6+ Kg7 49. Kh4 1-0

[Event "Sportsko leto 2013"]
[Site "Paracin"]
[Date "2013.07.09"]
[Round "5.7"]
[White "Kuzmicz, Krystian"]
[Black "Tosic, Miroslav"]
[Result "1/2-1/2"]
[WhiteElo "2470"]
[BlackElo "2421"]
[PlyCount "115"]
[EventDate "2013.??.??"]

1. g3 d5 2. Bg2 e5 3. c4 d4 4. d3 Nf6 5. Nf3 Nc6 6. O-O a5 7. Na3 h6 8. Nb5 Bc5
9. e3 dxe3 10. Bxe3 Bxe3 11. fxe3 O-O 12. d4 Qe7 13. Qb3 Bg4 14. Rae1 Bxf3 15.
Bxf3 Rfe8 16. Qc3 exd4 17. exd4 Qd7 18. d5 Nb4 19. Rxe8+ Rxe8 20. Nd4 c5 21.
dxc6 bxc6 22. a3 c5 23. Nb3 Nc6 24. Kg2 Re5 25. Re1 Rxe1 26. Qxe1 Nd4 27. Nxd4
Qxd4 28. Qe2 g5 29. h3 Kf8 30. g4 Nd7 31. Bd5 Ne5 32. Qf2 Qxf2+ 33. Kxf2 Nd3+
34. Ke3 Nxb2 35. Ke4 Ke7 36. Kf5 Nd3 37. Bc6 Nf4 38. h4 Ne6 39. hxg5 Nd4+ 40.
Ke4 Nxc6 41. gxh6 Kf6 42. Kd5 Ne5 43. h7 Ng6 44. Kxc5 Kg7 45. Kd6 Nf8 46. c5
Kxh7 47. c6 Ne6 48. c7 Nxc7 49. Kxc7 Kg6 50. Kd6 Kg5 51. Ke7 Kxg4 52. Kxf7 Kf5
53. a4 Ke5 54. Kg6 Kf4 55. Kf6 Ke4 56. Kg5 Kd4 57. Kf4 Kd3 58. Kf3 1/2-1/2

[Event "Sportsko leto 2013"]
[Site "Paracin"]
[Date "2013.07.09"]
[Round "5.8"]
[White "Kadric, Denis"]
[Black "Olszewski, Michal"]
[Result "0-1"]
[WhiteElo "2459"]
[BlackElo "2551"]
[PlyCount "90"]
[EventDate "2013.??.??"]

1. e4 e5 2. Nf3 Nc6 3. Bc4 Nf6 4. d3 Be7 5. O-O O-O 6. Re1 d6 7. c3 Na5 8. Bb5
a6 9. Ba4 c5 10. Nbd2 b5 11. Bc2 Nc6 12. Nf1 Re8 13. h3 h6 14. a4 Be6 15. Ne3
Bf8 16. Nh2 Rc8 17. axb5 axb5 18. Bb3 d5 19. exd5 Nxd5 20. Neg4 h5 21. Nxe5
Nxe5 22. Rxe5 Nxc3 23. bxc3 Bxb3 24. Rxe8 Bxd1 25. Rxd8 Rxd8 26. d4 Be2 27. Bb2
cxd4 28. cxd4 Rc8 29. Rc1 Ra8 30. Re1 Bc4 31. Ra1 Rxa1+ 32. Bxa1 Ba3 33. Nf3 b4
34. Nd2 Be6 35. d5 Bxd5 36. Nf1 b3 37. Ne3 Be6 38. Nd1 f6 39. h4 Kf7 40. Bc3
Kg6 41. f3 Bc5+ 42. Kh2 Kf5 43. Kg3 Bc4 44. Bb2 Be2 45. Nf2 Bd6+ 0-1

[Event "Sportsko leto 2013"]
[Site "Paracin"]
[Date "2013.07.09"]
[Round "5.10"]
[White "Atalik, Suat"]
[Black "Nenezic, Marko"]
[Result "1-0"]
[WhiteElo "2568"]
[BlackElo "2391"]
[PlyCount "59"]
[EventDate "2013.??.??"]

1. d4 Nf6 2. c4 g6 3. Nc3 Bg7 4. e4 d6 5. h3 O-O 6. Be3 Na6 7. Bd3 e5 8. d5 Nd7
9. a3 Ndc5 10. Bc2 f5 11. b4 Nxe4 12. Nxe4 fxe4 13. Qd2 Nb8 14. Ne2 Nd7 15. Nc3
Nf6 16. g4 a5 17. b5 Bd7 18. O-O-O Qe7 19. c5 dxc5 20. d6 cxd6 21. Qxd6 Qxd6
22. Rxd6 Bxg4 23. hxg4 Nxg4 24. Bxe4 Nxf2 25. Bxf2 Rxf2 26. Bxb7 Rb8 27. Bd5+
Kh8 28. Ne4 Re2 29. Rxg6 Rxb5 30. Bc4 1-0

[Event "Sportsko leto 2013"]
[Site "Paracin"]
[Date "2013.07.09"]
[Round "5.11"]
[White "Nestorovic, Dejan"]
[Black "Savic, Miodrag R"]
[Result "1/2-1/2"]
[WhiteElo "2411"]
[BlackElo "2529"]
[PlyCount "138"]
[EventDate "2013.??.??"]

1. d4 Nf6 2. c4 e6 3. Nc3 d5 4. Bg5 Be7 5. e3 Nbd7 6. Nf3 h6 7. Bh4 b6 8. cxd5
Nxd5 9. Bxe7 Nxe7 10. Qa4 O-O 11. Bb5 Nf6 12. O-O Bb7 13. Ne5 a6 14. Be2 b5 15.
Qb3 c5 16. dxc5 Qc7 17. Nd3 Nf5 18. Qb4 Bc6 19. Qf4 Qxf4 20. exf4 Nd4 21. Nb4
Bb7 22. Rfd1 Nxe2+ 23. Nxe2 a5 24. Nd3 b4 25. Ne5 Rfc8 26. Rac1 Bd5 27. a3 Ne4
28. axb4 axb4 29. Nd3 Rab8 30. f3 Nf6 31. Nd4 g6 32. Ne5 Rc7 33. Kf2 Kf8 34. g4
Nd7 35. Nxd7+ Rxd7 36. c6 Rc7 37. Rc5 Rb6 38. Rdc1 Ke7 39. Ke3 g5 40. f5 Kf6
41. Kd3 Ke5 42. Ke3 Kf6 43. Kd3 Ke7 44. Ke3 Kf6 45. Kd3 Ra6 46. Ke3 Ke5 47. Rb5
b3 48. fxe6 fxe6 49. Nxb3 Raxc6 50. Rbc5 Rxc5 51. Nxc5 Rf7 52. Nd3+ Kd6 53. f4
Rb7 54. b4 gxf4+ 55. Nxf4 Rxb4 56. Nxd5 exd5 57. Rg1 Rb3+ 58. Kd4 Rb4+ 59. Kd3
Rb3+ 60. Kd4 Rb2 61. h4 Rh2 62. h5 Rh4 63. Rg2 Ke6 64. Rg1 Rh2 65. g5 Rxh5 66.
gxh6 Rxh6 67. Rg3 Rh4+ 68. Kd3 Ke5 69. Rg5+ Kd6 1/2-1/2

[Event "Sportsko leto 2013"]
[Site "Paracin, hotel "]
[Date "2013.07.09"]
[Round "5.13"]
[White "Dinic, Dragan"]
[Black "Kasparov, Sergey"]
[Result "0-1"]
[WhiteElo "2311"]
[BlackElo "2470"]
[PlyCount "102"]
[EventDate "2013.07.05"]

1. e4 d5 2. Nc3 d4 3. Nce2 e5 4. d3 c5 5. g3 Nc6 6. Bg2 Bd6 7. Nf3 Nge7 8. O-O
f6 9. Nd2 Be6 10. c4 g5 11. f4 Qd7 12. Nf3 h6 13. Bd2 Bg4 14. f5 a6 15. Ne1 Bh5
16. Bf3 Bf7 17. Nc1 h5 18. Nc2 h4 19. g4 b5 20. b3 Bc7 21. Qe1 Qd8 22. Kf2 Ba5
23. Bd1 Bxd2 24. Qxd2 O-O 25. Ne1 Qa5 26. Nf3 Qxd2+ 27. Nxd2 Rfb8 28. Bc2 Be8
29. Ne2 bxc4 30. Nxc4 Nb4 31. Bb1 Bb5 32. Rc1 a5 33. a3 Bxc4 34. Rxc4 Na6 35.
Ba2 Kf8 36. Rac1 Nc8 37. Ng1 Nd6 38. Ra4 c4 39. Rxa5 Nc7 40. Rxa8 Rxa8 41. bxc4
Rxa3 42. Bb1 Na6 43. c5 Nb5 44. Ne2 Nc3 45. c6 Ke7 46. c7 Nxc7 47. Bc2 N7b5 48.
Ke1 Kd6 49. Kd2 Ra2 50. Ke1 Na3 51. Nxc3 Nxc2+ 0-1

[Event "Sportsko leto 2013"]
[Site "Paracin, hotel "]
[Date "2013.07.09"]
[Round "5.14"]
[White "Brankovic, Dejan"]
[Black "Smith, Bryan G"]
[Result "1-0"]
[WhiteElo "2359"]
[BlackElo "2456"]
[PlyCount "75"]
[EventDate "2013.07.05"]

1. e4 c5 2. Nf3 d6 3. d4 cxd4 4. Nxd4 Nf6 5. Nc3 a6 6. Bg5 Nbd7 7. Bd3 g6 8.
Qe2 Bg7 9. O-O-O O-O 10. Bc4 Qc7 11. f4 Nb6 12. Bb3 h6 13. h4 Bg4 14. Nf3 hxg5
15. hxg5 Nh5 16. f5 Ng3 17. Qf2 Nxh1 18. Qh4 Bh5 19. Rxh1 Bxc3 20. fxg6 Kg7 21.
g4 Be5 22. gxf7 e6 23. g6 Qd8 24. gxh5 Qxh4 25. Rxh4 Bf6 26. Rh3 d5 27. e5 Be7
28. Nd4 Bg5+ 29. Kd1 Kh6 30. Nxe6 Nd7 31. Nxg5 Kxg5 32. e6 Kf6 33. exd7 Rad8
34. Rd3 Kg7 35. Bxd5 Rxd7 36. c4 Rd6 37. Rg3 Rh8 38. h6+ 1-0

[Event "Sportsko leto 2013"]
[Site "Paracin, hotel "]
[Date "2013.07.09"]
[Round "5.15"]
[White "Strzemiecki, Zbigniew"]
[Black "Ionescu, Doru-Alexandru"]
[Result "1/2-1/2"]
[WhiteElo "2431"]
[BlackElo "2330"]
[PlyCount "41"]
[EventDate "2013.07.05"]

1. e4 c5 2. Nf3 g6 3. d4 Bg7 4. dxc5 Qa5+ 5. c3 Qxc5 6. Be3 Qc7 7. Na3 Nc6 8.
Bd3 Nf6 9. Nb5 Qb8 10. Nbd4 O-O 11. O-O b6 12. Nxc6 dxc6 13. Qe2 e5 14. Rad1
Qc7 15. Nd2 Nh5 16. Ba6 Bd7 17. Nb3 Rad8 18. Bg5 Bf6 19. Bh6 Bg7 20. Bg5 Bf6
21. Bh6 1/2-1/2

[Event "Sportsko leto 2013"]
[Site "Paracin, hotel "]
[Date "2013.07.09"]
[Round "5.16"]
[White "Maksimovic, Branimir"]
[Black "Cerovic, Danilo"]
[Result "1-0"]
[WhiteElo "2423"]
[BlackElo "2340"]
[PlyCount "69"]
[EventDate "2013.07.05"]

1. Nf3 Nf6 2. c4 b6 3. g3 Bb7 4. Bg2 e6 5. O-O c5 6. Nc3 a6 7. b3 Be7 8. Bb2
O-O 9. Rc1 d6 10. Qc2 Nbd7 11. Rfd1 b5 12. d3 Qb6 13. e3 Rac8 14. Qe2 d5 15.
Nb1 bxc4 16. dxc4 dxc4 17. Rxc4 a5 18. Qc2 Rfd8 19. Nbd2 Nf8 20. Qb1 Ba6 21.
Rcc1 a4 22. Ne5 axb3 23. axb3 Be2 24. Nec4 Qa6 25. Re1 Bd3 26. Qa1 Qxa1 27.
Rxa1 Ng6 28. Ra7 Bf8 29. Rea1 Rb8 30. Na5 Bb5 31. Ne4 Nd5 32. Nb7 Rd7 33. Nbxc5
Rxa7 34. Rxa7 f5 35. Ng5 1-0

[Event "Sportsko leto 2013"]
[Site "Paracin, hotel "]
[Date "2013.07.09"]
[Round "5.17"]
[White "Cvetkovic, Srdjan"]
[Black "Ilic, Zoran S"]
[Result "1/2-1/2"]
[WhiteElo "2385"]
[BlackElo "2291"]
[PlyCount "72"]
[EventDate "2013.07.05"]

1. c4 c5 2. Nc3 Nc6 3. g3 g6 4. Bg2 Bg7 5. d3 e6 6. e4 Nge7 7. Nge2 d6 8. O-O
O-O 9. a3 b6 10. Be3 Nd4 11. e5 Nxe2+ 12. Qxe2 Rb8 13. exd6 Nf5 14. Ne4 Nxe3
15. fxe3 f5 16. Nc3 Qxd6 17. Rad1 a6 18. Kh1 Bb7 19. e4 Rbe8 20. exf5 exf5 21.
Qd2 Bxg2+ 22. Qxg2 Bxc3 23. bxc3 Re5 24. Rfe1 Rfe8 25. Rxe5 Rxe5 26. Qf3 Kg7
27. Kg2 Qe7 28. Kf2 h5 29. Rd2 h4 30. a4 hxg3+ 31. hxg3 a5 32. d4 Re4 33. Re2
Rxe2+ 34. Qxe2 Qxe2+ 35. Kxe2 g5 36. Ke3 Kf6 1/2-1/2

[Event "Sportsko leto 2013"]
[Site "Paracin, hotel "]
[Date "2013.07.09"]
[Round "5.19"]
[White "Vucinic, Gojko"]
[Black "Tosic, Srecko"]
[Result "0-1"]
[WhiteElo "2252"]
[BlackElo "2389"]
[PlyCount "96"]
[EventDate "2013.07.05"]

1. e4 e6 2. d4 d5 3. Nc3 Bb4 4. e5 c5 5. a3 Bxc3+ 6. bxc3 Qa5 7. Bd2 Qa4 8. Nf3
b6 9. Bd3 Ba6 10. Be3 Nd7 11. Ng5 Bxd3 12. cxd3 Qxd1+ 13. Kxd1 Ne7 14. Nf3 h6
15. dxc5 bxc5 16. Rb1 Nc6 17. Kd2 O-O-O 18. h4 Kc7 19. h5 Rb8 20. Rxb8 Rxb8 21.
Kc2 Rb5 22. Rh3 Ne7 23. Nh4 Rb8 24. Rg3 Rg8 25. f4 Kc6 26. d4 Nb6 27. dxc5 Nc4
28. Bc1 Kxc5 29. Rh3 a6 30. g4 Rh8 31. Nf3 Nc6 32. Rg3 f6 33. exf6 gxf6 34. g5
hxg5 35. fxg5 Rxh5 36. g6 Rh8 37. g7 Rg8 38. Bh6 Ne7 39. Nh4 Nd6 40. Be3+ Kc6
41. Rf3 Nef5 42. Nxf5 Nxf5 43. Bd4 Rxg7 44. Kd3 Rg6 45. a4 Kd6 46. Bf2 Ne7 47.
Bh4 f5 48. Bg3+ e5 0-1

[Event "Sportsko leto 2013"]
[Site "Paracin, hotel "]
[Date "2013.07.09"]
[Round "5.20"]
[White "Radovanovic, Nikola"]
[Black "Burovic, Ismet"]
[Result "0-1"]
[WhiteElo "2249"]
[BlackElo "2361"]
[PlyCount "96"]
[EventDate "2013.07.05"]

1. d4 Nf6 2. c4 g6 3. Nc3 Bg7 4. e4 d6 5. Be2 O-O 6. Bg5 c5 7. d5 e6 8. Nf3 h6
9. Bh4 exd5 10. cxd5 g5 11. Bg3 Nh5 12. Nd2 Nxg3 13. hxg3 a6 14. a4 Nd7 15. Qc2
Ne5 16. O-O Rb8 17. a5 b5 18. axb6 Rxb6 19. Nd1 f5 20. Ne3 Rxb2 21. Qxb2 Nf3+
22. gxf3 Bxb2 23. Ra2 Bc3 24. Nxf5 Bxf5 25. exf5 Bxd2 26. Rxd2 Rxf5 27. Ra1 a5
28. Rda2 Qe7 29. Bf1 h5 30. Rxa5 Rxf3 31. R5a2 Qe5 32. Be2 Rf8 33. Bxh5 Qxd5
34. Re2 Kg7 35. Ra7+ Kf6 36. Rae7 Rh8 37. g4 Rb8 38. Bg6 Rb7 39. Rxb7 Qd1+ 40.
Kg2 Qxe2 41. Bf5 c4 42. Rb6 Qd1 43. Kh2 Qd4 44. Ra6 Qxf2+ 45. Kh3 Ke5 46. Ra5+
d5 47. Ra3 d4 48. Bh7 Qh4+ 0-1

[Event "Sportsko leto 2013"]
[Site "Paracin, hotel "]
[Date "2013.07.09"]
[Round "5.21"]
[White "Pantic, Ivica"]
[Black "Cabarkapa, Novak"]
[Result "1/2-1/2"]
[WhiteElo "2193"]
[BlackElo "2356"]
[PlyCount "60"]
[EventDate "2013.07.05"]

1. Nf3 Nf6 2. c4 g6 3. Nc3 Bg7 4. e4 d6 5. d4 O-O 6. g3 e5 7. Bg2 Bg4 8. d5 a5
9. h3 Bd7 10. O-O Na6 11. Be3 Ne8 12. a3 f5 13. Bg5 Qc8 14. exf5 gxf5 15. Nh4
Nc5 16. Qc2 a4 17. Rae1 b6 18. Kh2 Nf6 19. Be3 Kh8 20. f4 e4 21. Bxc5 bxc5 22.
g4 fxg4 23. Nxe4 gxh3 24. Ng5 Re8 25. Be4 Rxe4 26. Rxe4 Rb8 27. Re2 Rxb2 28.
Qxh7+ Nxh7 29. Ng6+ Kg8 30. Ne7+ Kf8 1/2-1/2

[Event "Sportsko leto 2013"]
[Site "Paracin, hotel "]
[Date "2013.07.09"]
[Round "5.22"]
[White "Carnic, Srdjan"]
[Black "Budimir, Boris"]
[Result "1/2-1/2"]
[WhiteElo "2341"]
[BlackElo "2253"]
[PlyCount "40"]
[EventDate "2013.07.05"]

1. Nf3 Nf6 2. d4 g6 3. c4 Bg7 4. Nc3 O-O 5. g3 d6 6. Bg2 Nc6 7. O-O Bf5 8. d5
Na5 9. Nd4 Bd7 10. b3 c5 11. Nc2 a6 12. Qd3 b5 13. Bd2 Ng4 14. f4 b4 15. Ne4
Bxa1 16. Rxa1 Nb7 17. h3 Nf6 18. Nxf6+ exf6 19. a4 bxa3 20. Bc3 a5 1/2-1/2

[Event "Sportsko leto 2013"]
[Site "Paracin, hotel "]
[Date "2013.07.09"]
[Round "5.23"]
[White "Irizanin, Radoje"]
[Black "Hagesather, Ellen"]
[Result "1/2-1/2"]
[WhiteElo "2333"]
[BlackElo "2210"]
[PlyCount "57"]
[EventDate "2013.07.05"]

1. Nf3 d5 2. d4 e6 3. Bf4 f5 4. e3 Nf6 5. Nbd2 Be7 6. h3 b6 7. Bd3 Ne4 8. Ne5
O-O 9. g4 Bh4 10. O-O c5 11. c3 Nxd2 12. Qxd2 Ba6 13. Nc6 Nxc6 14. Bxa6 Qe7 15.
Bd3 fxg4 16. hxg4 e5 17. dxe5 Nxe5 18. Bxe5 Qxe5 19. f4 Qe6 20. Bf5 Rxf5 21.
gxf5 Qxf5 22. Qh2 Bf6 23. Rad1 Re8 24. Qe2 Re4 25. Rfe1 h6 26. Qf2 d4 27. exd4
cxd4 28. Qg3 dxc3 29. bxc3 1/2-1/2

[Event "Sportsko leto 2013"]
[Site "Paracin, hotel "]
[Date "2013.07.09"]
[Round "5.24"]
[White "Jovanovic, Bojan P"]
[Black "Pantelic, Sasa"]
[Result "1/2-1/2"]
[WhiteElo "2203"]
[BlackElo "2331"]
[PlyCount "57"]
[EventDate "2013.07.05"]

1. d4 Nf6 2. Nf3 g6 3. Bg5 Bg7 4. Nbd2 d5 5. c3 c6 6. e3 Bf5 7. Qb3 Qb6 8. Be2
h6 9. Bf4 Nbd7 10. h3 g5 11. Bh2 Ne4 12. Nxe4 Bxe4 13. Qxb6 axb6 14. Kd2 b5 15.
a3 O-O 16. Rag1 f6 17. Ne1 e5 18. f3 Bg6 19. g4 exd4 20. exd4 f5 21. gxf5 Bxf5
22. h4 Kf7 23. Bd6 Rg8 24. hxg5 hxg5 25. Nd3 Rh8 26. Rxh8 Rxh8 27. f4 Nf6 28.
Be5 gxf4 29. Bxf4 1/2-1/2

[Event "Sportsko leto 2013"]
[Site "Paracin, hotel "]
[Date "2013.07.09"]
[Round "5.25"]
[White "Todorovic, Nenad I"]
[Black "Ratkovic, Milovan"]
[Result "0-1"]
[WhiteElo "2130"]
[BlackElo "2315"]
[PlyCount "112"]
[EventDate "2013.07.05"]

1. e4 c5 2. Nf3 d6 3. d4 cxd4 4. Nxd4 Nf6 5. Nc3 Nc6 6. Bg5 e6 7. Qd2 a6 8.
O-O-O Bd7 9. f4 b5 10. Nxc6 Bxc6 11. Qe3 Be7 12. Bxf6 gxf6 13. Ne2 Qa5 14. Nd4
Bb7 15. Kb1 Qb6 16. Be2 e5 17. Nf5 Qxe3 18. Nxe3 Bxe4 19. Bf3 Bxf3 20. gxf3 Rg8
21. Rhg1 Kd7 22. Nd5 Rab8 23. f5 Rg5 24. Rxg5 fxg5 25. c3 Bd8 26. Kc2 Rc8 27.
b3 Rc5 28. Rd3 a5 29. Kd2 Kc6 30. Ne3 e4 31. fxe4 Re5 32. Nc2 Rxe4 33. Rh3 Kd5
34. Rxh7 Re7 35. Nd4 b4 36. Ne2 bxc3+ 37. Nxc3+ Ke5 38. Nb5 Kxf5 39. Nxd6+ Kg6
40. Rh3 g4 41. Rd3 Bc7 42. Rd4 f5 43. Kd3 Re6 44. Nc4 Bxh2 45. Nd2 Rd6 46.
Rxd6+ Bxd6 47. Nc4 Bc7 48. a3 Kg5 49. Ke3 f4+ 50. Ke4 Kh4 51. Nd2 Kg3 52. Kf5
f3 53. Ne4+ Kh4 54. Nd2 Kh3 55. Kg5 f2 56. b4 g3 0-1

[Event "Sportsko leto 2013"]
[Site "Paracin, hotel "]
[Date "2013.07.09"]
[Round "5.27"]
[White "Rajkovic, Mladen"]
[Black "Mladenovic, Stefan"]
[Result "1/2-1/2"]
[WhiteElo "2015"]
[BlackElo "2307"]
[PlyCount "44"]
[EventDate "2013.07.05"]

1. e4 c5 2. Nf3 d6 3. d4 cxd4 4. Nxd4 Nf6 5. Nc3 g6 6. Be3 Bg7 7. f3 Nc6 8. Qd2
Bd7 9. g4 Rc8 10. h4 Ne5 11. O-O-O O-O 12. h5 Qa5 13. Kb1 Nxf3 14. Nxf3 Rxc3
15. Qxc3 Qxc3 16. bxc3 Bxg4 17. Bg2 Nxe4 18. Rd3 Nxc3+ 19. Kb2 Nd1+ 20. Kb1
Nc3+ 21. Kb2 Nd1+ 22. Kb1 Nc3+ 1/2-1/2

[Event "Sportsko leto 2013"]
[Site "Paracin, hotel "]
[Date "2013.07.09"]
[Round "5.30"]
[White "Lazov, Toni"]
[Black "Zajic, Milan"]
[Result "1/2-1/2"]
[WhiteElo "1921"]
[BlackElo "2272"]
[PlyCount "99"]
[EventDate "2013.07.05"]

1. e4 g6 2. d4 c6 3. Bd3 Bg7 4. Ne2 d5 5. e5 f6 6. f4 Qb6 7. c3 c5 8. Qb3 Qxb3
9. axb3 cxd4 10. cxd4 Nc6 11. Nbc3 Nb4 12. Bb5+ Kf7 13. Ra4 a5 14. Bd2 Bf5 15.
Na2 Nd3+ 16. Bxd3 Bxd3 17. Rxa5 Nh6 18. Nac1 Be4 19. O-O Rxa5 20. Bxa5 Nf5 21.
Kf2 h5 22. Bc3 h4 23. b4 g5 24. fxg5 fxg5 25. h3 Kg6 26. Nb3 Bd3 27. Re1 b6 28.
Ng1 Rf8 29. Nf3 Kh5 30. Nc1 Be4 31. Ne2 Nh6 32. Bd2 g4 33. Nf4+ Rxf4 34. Bxf4
gxf3 35. gxf3 Bg6 36. Rg1 Nf7 37. Rc1 Nd8 38. Be3 Bf5 39. Kg2 Bh6 40. Bxh6 Kxh6
41. Rc7 Ne6 42. Rxe7 Nxd4 43. Rb7 b5 44. f4 Kg6 45. Rb6+ Kf7 46. Rh6 Be4+ 47.
Kf2 Nf5 48. Rb6 Bd3 49. Ke1 Ke7 50. Rf6 1/2-1/2

[Event "Sportsko leto 2013"]
[Site "Paracin, hotel "]
[Date "2013.07.09"]
[Round "5.31"]
[White "Sorgic, Dragan"]
[Black "Isak, Igor G"]
[Result "0-1"]
[WhiteElo "2265"]
[BlackElo "2053"]
[PlyCount "58"]
[EventDate "2013.07.05"]

1. e4 c5 2. Nf3 e6 3. d4 cxd4 4. Nxd4 Nf6 5. Bd3 Qb6 6. Nb3 d5 7. exd5 Nxd5 8.
O-O Be7 9. c4 Nf6 10. Nc3 a6 11. Qe2 Qc7 12. Bg5 Nbd7 13. Rae1 O-O 14. Nd4 Bd6
15. Ne4 Bxh2+ 16. Kh1 Be5 17. Nf3 Bf4 18. Bh4 b6 19. g3 Bh6 20. Kg2 Nxe4 21.
Qxe4 g6 22. Be7 Bb7 23. Qh4 Rfe8 24. Qxh6 Rxe7 25. Rh1 Nf8 26. Rh4 f5 27. Qg5
Rd8 28. Bxf5 Bxf3+ 29. Kxf3 Rf7 0-1

[Event "Sportsko leto 2013"]
[Site "Paracin, hotel "]
[Date "2013.07.09"]
[Round "5.32"]
[White "Tadic, Katarina"]
[Black "Ratkovic, Miloje"]
[Result "0-1"]
[WhiteElo "2069"]
[BlackElo "2258"]
[PlyCount "72"]
[EventDate "2013.07.05"]

1. Nf3 d5 2. d4 c6 3. c4 Nf6 4. e3 a6 5. Nc3 b5 6. c5 Bf5 7. Qb3 Nbd7 8. a4 e5
9. Qa3 Rb8 10. axb5 axb5 11. Qa6 Rc8 12. Be2 e4 13. Nd2 Be7 14. Nb3 O-O 15. Na2
Bg4 16. Nb4 Nb8 17. Qa5 Qd7 18. h3 Bxe2 19. Kxe2 Qf5 20. Rf1 g5 21. f3 Nh5 22.
Rf2 Ng3+ 23. Ke1 Qg6 24. Qa7 Rfe8 25. Na6 Nxa6 26. Rxa6 exf3 27. Rxf3 g4 28.
Rf2 gxh3 29. gxh3 Qd3 30. Rg2 Kh8 31. Rxg3 Bh4 32. Kf2 Bxg3+ 33. Kxg3 Rg8+ 34.
Kf2 Qxb3 35. Qe7 Qc2+ 36. Kf3 Qf5+ 0-1

[Event "Sportsko leto 2013"]
[Site "Paracin, hotel "]
[Date "2013.07.09"]
[Round "5.33"]
[White "Todorovic, Radisa J"]
[Black "Cvetanovic, Uros"]
[Result "0-1"]
[WhiteElo "1960"]
[BlackElo "2249"]
[PlyCount "62"]
[EventDate "2013.07.05"]

1. d4 Nf6 2. Nf3 e6 3. e3 b6 4. Bd3 Bb7 5. O-O d6 6. b3 Be7 7. Bb2 O-O 8. Nbd2
c5 9. Qe2 Nc6 10. a3 Qc7 11. e4 cxd4 12. Nxd4 Rfe8 13. Nb5 Qd7 14. f4 e5 15. c4
exf4 16. Rxf4 d5 17. Raf1 a6 18. e5 axb5 19. Rxf6 Bxf6 20. Rxf6 gxf6 21. Qh5
Nxe5 22. Qxh7+ Kf8 23. Bf5 Qd6 24. Bc3 Rxa3 25. Qh4 bxc4 26. h3 Ra2 27. Bb1
Rxd2 28. Bxd2 Ke7 29. Bc3 Rg8 30. Qe1 Kd8 31. Qf1 d4 0-1

[Event "Sportsko leto 2013"]
[Site "Paracin, hotel "]
[Date "2013.07.09"]
[Round "5.34"]
[White "Livaja, Mario"]
[Black "Stojkovska, Monika"]
[Result "1/2-1/2"]
[WhiteElo "2225"]
[BlackElo "2005"]
[PlyCount "92"]
[EventDate "2013.07.05"]

1. d4 Nf6 2. c4 e6 3. Nf3 c5 4. d5 b5 5. g3 bxc4 6. Nc3 exd5 7. Bg2 d4 8. Ne5
d5 9. Qa4+ Bd7 10. Nxd7 Qxd7 11. Qxd7+ Nbxd7 12. Nxd5 Rb8 13. O-O Bd6 14. a4
O-O 15. a5 Rfe8 16. e3 d3 17. Rd1 Rb3 18. Ra4 Be5 19. Rxc4 Bxb2 20. Bxb2 Nxd5
21. Bxd5 Rxb2 22. Bc6 Ne5 23. Rxc5 Rc2 24. Bxe8 Rxc5 25. f4 Kf8 26. Ba4 Rxa5
27. Bb3 Ra3 28. Bd5 Ng4 29. Be4 Nxe3 30. Rd2 Nc4 31. Rxd3 Rxd3 32. Bxd3 Nb2 33.
Ba6 Na4 34. Kf2 Nc5 35. Bc4 Ke7 36. Ke3 f6 37. g4 Kd6 38. h4 h6 39. h5 a5 40.
Kd4 Nd7 41. Bb3 Nb6 42. Ke4 a4 43. Ba2 Nc8 44. Kd4 Nb6 45. Ke4 Nc8 46. Kd4 Nb6
1/2-1/2

[Event "Sportsko leto 2013"]
[Site "Paracin, hotel "]
[Date "2013.07.09"]
[Round "5.35"]
[White "Zlatanovic, Zoran"]
[Black "Marjanovics, Annamaria"]
[Result "1-0"]
[WhiteElo "2210"]
[BlackElo "2002"]
[PlyCount "111"]
[EventDate "2013.07.05"]

1. e4 e5 2. Bc4 Nc6 3. Nf3 Bc5 4. d3 Nf6 5. Bb3 a6 6. c3 Ba7 7. Nbd2 O-O 8. h3
d6 9. Nh2 d5 10. Qf3 dxe4 11. dxe4 Be6 12. Ng4 Nd7 13. O-O Nc5 14. Bc2 a5 15.
Qg3 f6 16. Nf3 Qe7 17. Be3 Kh8 18. h4 Qf7 19. b3 Qg6 20. Ngh2 Qxg3 21. fxg3 h5
22. Rfe1 Rad8 23. Nf1 Bf7 24. Re2 Bg6 25. N1d2 Ne6 26. Bxa7 Nxa7 27. a4 Nc6 28.
Nc4 Nc5 29. Nfd2 Rd7 30. Kf2 Rfd8 31. Nf1 Nd3+ 32. Kf3 f5 33. exf5 Bxf5 34. Ke3
Bg4 35. Rd2 Nc5 36. Rxd7 Rxd7 37. Nfd2 Ne7 38. Be4 Nxe4 39. Kxe4 Nc6 40. Nf3
Bxf3+ 41. gxf3 Re7 42. Re1 g6 43. Rd1 Kg7 44. Rd5 b6 45. Nxe5 Kf6 46. f4 Re6
47. c4 Ne7 48. Rd7 c5 49. Rb7 Kg7 50. Kf3 Kh6 51. g4 hxg4+ 52. Kxg4 Nf5 53.
Nf7+ Kg7 54. Nd6+ Re7 55. Rxb6 Nd4 56. f5 1-0